| 000 | 00806nam a22002297a 4500 | ||
|---|---|---|---|
| 003 | BD-DhUL | ||
| 005 | 20210811105536.0 | ||
| 008 | 210811b2013 bg ||||| |||| 00| 0 ben d | ||
| 020 | _a9847015700270 | ||
| 040 |
_aBD-DhUL _cBD-DhUL |
||
| 082 |
_a891.4393 _bCHS |
||
| 100 | 1 | _aচন্দর, কৃষণ। | |
| 245 | 1 |
_aস্বপ্নের সৌরভ / _cকৃষণ চন্দর। |
|
| 260 |
_aঢাকা : _bউত্তরণ, _c২০১৩। |
||
| 300 |
_a[৬৪] পৃ. ; _c২২ সেমি.। |
||
| 650 | 4 | _aউর্দু উপন্যাস। | |
| 650 | 4 | _aUrdu fiction. | |
| 650 | 4 | _aউর্দু সাহিত্য। | |
| 650 | 4 | _aUrdu literature. | |
| 700 | 1 |
_aচৌধুরী, শাহজাহান। _eঅনুবাদ |
|
| 942 |
_2ddc _cBK |
||
| 999 |
_c254221 _d254221 |
||